| Tag |
First Indicator |
Second Indicator |
Subfields |
| LEADER |
00000cam a2200000Ia 4500 |
| 001 |
in00002188917 |
| 005 |
20151104073315.0 |
| 008 |
890413s1987 sz 000 0 eng d |
| 029 |
1 |
|
|a NLGGC
|b 057428670
|
| 029 |
1 |
|
|a NLGGC
|b 064258505
|
| 035 |
|
|
|a (OCoLC)ocm19544889
|
| 040 |
|
|
|a CAS
|c CAS
|d TXA
|d UtOrBLW
|
| 049 |
|
|
|a TXAM
|
| 090 |
|
|
|a PN171.F56
|b I58 1987
|
| 110 |
2 |
|
|a International Organization for Standardization.
|
| 245 |
1 |
0 |
|a Documentation--bibliographic references--content, form and structure =
|b Documentation--références bibliographiques--contenu, forme et structure /
|c International Organization for Standardization.
|
| 246 |
3 |
1 |
|a Documentation--références bibliographiques--contenu, forme et structure
|
| 250 |
|
|
|a 2nd ed.
|
| 264 |
|
1 |
|a [Geneva] :
|b ISO,
|c 1987.
|
| 300 |
|
|
|a iii, 11 pages ;
|c 30 cm.
|
| 336 |
|
|
|a text
|b txt
|2 rdacontent
|
| 337 |
|
|
|a unmediated
|b n
|2 rdamedia
|
| 338 |
|
|
|a volume
|b nc
|2 rdacarrier
|
| 490 |
1 |
|
|a International standard ;
|v ISO 690
|
| 500 |
|
|
|a Cover title.
|
| 500 |
|
|
|a "Reference number ISO 690:1987(E)."
|
| 500 |
|
|
|a Developed by Technical Committee ISO/TC 46.
|
| 650 |
|
0 |
|a Bibliography
|x Methodology
|x Standards.
|
| 650 |
|
0 |
|a Bibliographical citations
|x Standards.
|
| 740 |
0 |
|
|a Documentation--références bibliographiques--contenu, forme et structure.
|
| 830 |
|
0 |
|a International standard ;
|v ISO 690.
|
| 994 |
|
|
|a C0
|b TXA
|
| 948 |
|
|
|a cataloged
|b h
|c 2006/9/18
|d c
|e blrosas
|f 11:04:56 am
|
| 999 |
|
|
|a MARS
|
| 999 |
f |
f |
|s c526d18a-ee41-3388-bdcd-e250bec286fb
|i afbf3400-1aa7-3bf5-96b7-0186e1ceb5a0
|t 0
|
| 952 |
f |
f |
|p ric
|a Texas A&M University
|b Rellis Campus
|c Joint Library Facility
|d Remote Storage
|t 0
|e PN171.F56 I58 1987
|h Library of Congress classification
|i unmediated -- volume
|m A14834725524
|
| 998 |
f |
f |
|a PN171.F56 I58 1987
|t 0
|l Remote Storage
|